Statistics for WNBA košarkašice sa naših prostora

Click here to take the quiz!

General Stats

  • This quiz has been taken 5 times
    (2 since last reset)
  • The average score is 13 of 21

Answer Stats

DrzavaPoz.KarijeraIgracica% Correct
SrbijaG2015–2016Ana {Dabović}
100%
Crna GoraC2001Hajdana {Radunović}
100%
SrbijaF2014Jelena {Milovanović}
100%
SrbijaG2001Katarina {Lazić}
100%
SrbijaC2022Nikolina {Milić}
100%
SrbijaF2012, 2016Sonja {Petrović}
100%
SrbijaG2022Tina {Krajišnik}
100%
SrbijaF/C2006Daliborka {Vilipić}
50%
SrbijaG1999–2002, 2004–2005Gordana {Grubin}
50%
HrvatskaG2023-Ivana {Dojkić}
50%
SrbijaF1997Jasmina {Perazić-Gipe}
50%
HrvatskaG1998–2002Korie {Hlede}
50%
SrbijaG1997Milica {Vukadinović}
50%
HrvatskaG2024Nika {Mühl}
50%
SrbijaC1999Nina {Bjedov}
50%
Bosna i HercegovinaC2000Rankica {Šarenac}
50%
Bosna i HercegovinaC1998Razija {Mujanović}
50%
SrbijaC2001–2004Slobodanka {Tuvić}
50%
HrvatskaF2000–2002Vedrana {Grgin-Fonseca}
50%
Crna GoraF2016Jelena {Dubljević}
0%
SrbijaF1999Mila {Nikolić}
0%

Score Distribution

Percentile by Number Answered

Percent of People with Each Score

Your Score History

You have not taken this quiz since the last reset